000 00473nam a2200193Ia 4500
005 20250423100908.0
008 250422s9999 xx 000 0 und d
020 _a0- 930992- 03- 2
050 _aHF 5438.25 .J63/
100 _aBach, Karl
245 0 _aSelling is simple : if you don’t make it complicated
250 _a2nd ed.
260 _aSan Francisco
260 _bAdvance Books
260 _c1979
300 _a546 p
650 _aBusiness
942 _cBK
999 _c34669
_d34669